000 00430cam a2200181ua 4500
001 3887
008 111207n ii |||gr||||Z||||||asm
040 _cMAIN
082 _a891.4511
100 1 _aTaid, Dipsikha,
245 1 1 _aHridayar anubhab
_cby Dipsikha Taid
250 _a1st.
260 _aDhemaji:
_bPadmanath taid,
_c2002.
300 _a54p:
_c23cm.
653 _aAssamese poem
653 _aHridayar anubhab
942 _cBK
999 _c3710
_d3710